000 00632nam a2200229 a 4500
001 BRCA_5646
005 20190320205151.0
008 180211s1996----mx-ae#####---#000-0#spa-#
020 _a9682446031
041 _aspa
044 _amx
050 4 _aNA755
_b.N64 1996
100 1 _aNoelle, Louise
_95144
245 1 0 _aArquitectos contemporáneos de México
_cLouise Noelle.
250 _a2
260 _aMéxico
_bTrillas
_creimp. 1996
300 _a171 p.
_bil.
_c27 cm.
500 _aIncluye abreviaturas
504 _aBibliografía: p. 167-169.
650 1 4 _aArquitectura
_xHistoria
_ySiglo XX
_zMéxico
_914361
942 _2lcc
_cB
999 _c5340
_d5340